|
|
|
|
| LEADER |
00000nam0a2200000 4500 |
| 001 |
216540 |
| 005 |
20231101230040.0 |
| 035 |
|
|
|a (RuTPU)RU\TPU\book\236512
|
| 090 |
|
|
|a 216540
|
| 100 |
|
|
|a 20120526d1956 km y0rusy50 ca
|
| 101 |
1 |
|
|a rus
|c fre
|
| 102 |
|
|
|a RU
|
| 105 |
|
|
|a a z 001zy
|
| 200 |
1 |
|
|a Кодекс природы или истинный дух ее законов (1755-1955)
|e пер. с фр.
|f Морелли
|
| 210 |
|
|
|a Москва
|a Ленинград
|c Изд-во АН СССР
|d 1956
|
| 215 |
|
|
|a 300 с.
|c ил.
|
| 225 |
1 |
|
|a Предшественники научного социализма
|
| 320 |
|
|
|a Издания и переводы произведений Морелли: с. 281-287.
|
| 320 |
|
|
|a Примечания: с. 288-292.
|
| 320 |
|
|
|a Литература о Морелли: с. 293-294.
|
| 610 |
1 |
|
|a философия
|
| 610 |
1 |
|
|a политика
|
| 610 |
1 |
|
|a теория познания
|
| 610 |
1 |
|
|a этика
|
| 610 |
1 |
|
|a религия
|
| 610 |
1 |
|
|a коммунизм
|
| 686 |
|
|
|a Ф02(4/8)
|v LBC/SL-A
|2 rubbk
|
| 700 |
|
0 |
|a Морелли
|c французский писатель, аббат
|c представитель французского утопического коммунизма
|f 18 в.
|2 stltpush
|3 (RuTPU)RU\TPU\pers\15599
|9 5410
|
| 801 |
|
1 |
|a RU
|b 63413507
|c 20120526
|
| 801 |
|
2 |
|a RU
|b 63413507
|c 20120627
|g RCR
|
| 942 |
|
|
|c BK
|